[Event "71st RUS-ch Higher League 2018"]
[Site "Yaroslavl"]
[Date "2018.06.29"]
[Round "4"]
[White "Sakaev, Konstantin"]
[Black "Paravyan, David"]
[Result "0-1"]
[WhiteElo "2580"]
[BlackElo "2634"]
[Annotator "TA"]
[PlyCount "220"]
[EventDate "2018.06.26"]
[EventType "swiss"]
[EventCountry "RUS"]
[SourceTitle "playchess.com"]
[Source "ChessBase"]
[SourceQuality "1"]

{[%evp 17,220,19,25,13,13,0,0,0,0,0,0,0,0,0,19,18,33,27,34,31,37,13,31,33,22,33,37,2,4,4,9,0,8,8,24,13,15,9,13,6,21,15,11,0,0,0,0,0,0,0,0,-31,10,0,0,0,0,-38,-36,-44,-43,-45,-45,-65,-68,-68,-66,-75,-70,-91,-91,-91,-91,-91,-91,-112,-112,-112,-112,-112,-112,-133,-133,-134,-112,-112,-91,-112,-106,-97,-83,-133,-79,-79,-83,-78,-40,-112,-112,-112,-112,-117,-112,-112,0,-135,0,-112,-112,-112,-112,-112,-112,-112,-112,-112,0,-112,0,-112,-112,-112,-112,-112,-112,-112,-112,-208,-206,-763,-690,-789,-753,-1868,-1683,-1604,0,-423,0,-531,-479,-752,-579,-1027,-904,-1822,-1668,-1334,-1433,-1331,-872,-1562,-1466,-1543,-1553,-1947,-1844,-1891,-292,-225,0,-1687,-1276,-1227,-1254,-1468,-1400,-1337,-1119,-1043,-932,-1285,-907,-12839,-12837,-12840,0,-12839,0,-12840,-12840,-12841,-12840,-12840,-12835,-1720,0,-12841,-12842,-12842,-12843,-12843,-12843,-12844,-12842,-12842,-12837,-12838,-12837,-12833,-2409,-12839,-12839,-12845,-12845]} 1. d4 Nf6 2. c4 g6 3. Nc3 d5 4. cxd5 Nxd5 5. e4 Nxc3 6. bxc3 Bg7 7. Qa4+ Nd7 8. Nf3 O-O 9. Be2 {D85: Exchange Grünfeld: Unusual White 7th moves and lines with 7 Nf3} Nb6 {LiveBook: 8 Games} 10. Qb4 Qd6 11. O-O {The position is equal.} Qxb4 $146 ({Predecessor:} 11... Bg4 12. Qb3 c6 13. Rd1 Qc7 14. Ba3 Nc8 15. Rac1 Bxf3 16. Bxf3 Rd8 {1-0 (29) Inarkiev,E (2683)-Li,C (2741) Palma de Mallorca 2017}) 12. cxb4 Bg4 13. Be3 Rfd8 14. Rfd1 c6 15. Rac1 Rd7 16. b5 Rad8 17. bxc6 bxc6 18. e5 Nd5 19. h3 Nxe3 20. fxe3 Be6 21. Bc4 Bd5 22. Bb3 Rb8 23. Nd2 Bh6 {Strongly threatening ...Bxb3.} 24. Kf2 e6 25. Rc2 Rb5 26. g4 Bf8 27. Ke2 Be7 28. Rdc1 Kg7 29. Ba4 Ra5 30. Bb3 Bb4 31. Nc4 Ra6 $1 32. Nd2 Rb7 33. Bc4 Ra3 34. Bd3 Rxa2 (34... Bxd2 $5 35. Rxd2 Rb4 $11) 35. Rxa2 Bxa2 36. Ra1 Bxd2 37. Rxa2 $11 {[%mdl 4096] Endgame KRB-KRB} (37. Kxd2 {keeps more tension.} Rb2+ 38. Kc3 Rh2 39. Bc2 Bd5 40. e4) 37... Bb4 38. Be4 Rc7 39. Ra6 c5 40. Bc6 cxd4 41. exd4 Kh6 42. Kf3 Kg5 43. d5 exd5 44. Bxd5 Re7 45. e6 fxe6 46. Rxe6 {[#]} Rd7 $1 {[%cal Rd7d5]} 47. Bc4 Kh4 48. Kg2 a5 49. Ra6 Rd2+ 50. Kf3 Rh2 51. Bf1 Rh1 52. Bg2 Ra1 53. Ra7 Ra3+ 54. Ke4 h6 (54... Kg3 $142 55. Bf1 Ra1) 55. Ra6 $17 Kg3 56. Bf1 Rf3 57. Be2 (57. Bb5 $1 $15) 57... Rf4+ 58. Kd3 g5 (58... Kxh3 $6 59. Rxg6 Bf8 60. g5 $11) 59. Bd1 Rf1 60. Be2 Rf4 61. Bd1 $1 Rf1 62. Be2 Re1 63. Rxh6 a4 {[%cal Ba5a4,Ba4a3][%mdl 32]} 64. Ra6 a3 ({Much weaker is} 64... Kxh3 $6 65. Rxa4 Bd6 66. Ra2 $11) 65. Ke3 {[#]} Bd6 $1 {[%mdl 512]} 66. Kd2 (66. Rxd6 a2) 66... Bb4+ 67. Ke3 $1 {[#]} Bd6 $1 {[%mdl 512] ...Bf4+ is the strong threat.} 68. Kd2 $1 {[%cal Rd2e1]} (68. Rxd6 a2) 68... Kf2 69. Bc4 {[#]} Bb4+ $1 70. Kc2 Re3 {White must now prevent ...Rc3+.} 71. Bg8 Rxh3 72. Rf6+ (72. Rb6 $17 Rc3+ 73. Kb1) 72... Kg3 $19 73. Kb3 $2 (73. Rb6 Rh2+ 74. Kd3) 73... Be7 {Threatens to win with ...Kh4+.} 74. Re6 Kxg4+ 75. Ka2 Rh2+ 76. Kb3 Rh3+ $2 (76... Rb2+ $19 77. Kc4 Rb8 78. Rxe7 Rxg8) 77. Kc2 $2 {[%mdl 8192]} (77. Ka2 $11) 77... Rh2+ $2 (77... Bf8 $19 {aiming for ...Rh8.} 78. Re1 Rf3 79. Re4+ Kf5 80. Bh7+ Kf6) 78. Kd3 $2 {[%mdl 8192]} (78. Kb3 $1 $11 {and White is okay.}) 78... Rh8 79. Bf7 (79. Re4+ $142 Kf5 80. Be6+ Kf6 81. Bb3) 79... Rd8+ 80. Ke2 Bf8 81. Re4+ Kf5 82. Ra4 Rb8 83. Kf3 Rb4 84. Ra5+ Kf6 85. Bh5 Bd6 86. Ra6 Ke6 87. Ke3 Rb3+ $2 (87... Rh4 88. Be2 g4 89. Bc4+ Kd7 90. Ra7+ Kd8 91. Ra8+ Kc7 92. Ra7+ Kb8) 88. Ke4 Rb4+ $2 (88... Rb5 89. Bg4+ Ke7) 89. Ke3 $1 Rf4 90. Bd1 Rh4 91. Bb3+ Ke5 92. Ra5+ Kf6 93. Bd5 g4 {[%cal Bg5g4,Bg4g3][%mdl 32]} 94. Ra8 g3 95. Re8 Be7 96. Rg8 Bd6 97. Re8 {intending Re6+.} Be7 $2 (97... Bc5+ $19 98. Kf3 Rd4) 98. Kf3 $2 {[%mdl 8192]} (98. Rg8 $11) 98... Rd4 99. Bg8 Rd3+ 100. Kg2 Rc3 101. Bd5 Rd3 $2 (101... Re3 $19 102. Rc8 Bd6) 102. Bc4 $2 {[%mdl 8192]} (102. Bg8 $11 Bd6 103. Re2) 102... Rd4 {Black is clearly winning.} 103. Bg8 Bd6 104. Re2 Be5 105. Rc2 Kg5 106. Kf3 Rd3+ 107. Ke4 Rc3 108. Rd2 Rc5 (108... Kf6 $142 109. Bd5 Rc1) 109. Kf3 Kf6 110. Rd3 Rc2 {Precision: White = 43%, Black = 64%.} 0-1

[Event "71st RUS-ch Higher League 2018"]
[Site "Yaroslavl"]
[Date "2018.06.29"]
[Round "4"]
[White "Volkov, Sergey"]
[Black "Rakhmanov, Aleksandr"]
[Result "0-1"]
[WhiteElo "2580"]
[BlackElo "2627"]
[Annotator "ChessBase"]
[PlyCount "92"]
[EventDate "2018.06.26"]
[EventType "swiss"]
[EventCountry "RUS"]
[SourceTitle "playchess.com"]
[Source "ChessBase"]
[SourceQuality "1"]
[TimeControl "40/5400+30:1800+30"]

1. d4 {[%emt 0:00:00]} Nf6 {[%emt 0:00:47]} 2. c4 {[%emt 0:00:00]} b6 {[%emt 0:01:15]} 3. f3 {[%emt 0:04:17]} Nc6 {[%emt 0:00:32]} 4. Nc3 {[%emt 0:03:18]} e5 {[%emt 0:00:24]} 5. d5 {[%emt 0:00:12]} Ne7 {[%emt 0:01:16]} 6. e4 {[%emt 0:00:41]} Ng6 {[%emt 0:00:25]} 7. Nge2 {[%emt 0:01:33]} Bc5 {[%emt 0:08:37]} 8. a3 {[%emt 0:01:00]} a5 {[%emt 0:00:34]} 9. Rb1 {[%emt 0:04:34]} O-O {[%emt 0:07:57]} 10. b4 {[%emt 0:01:10]} Be7 {[%emt 0:01:04]} 11. Be3 {[%emt 0:10:38]} Ne8 {[%emt 0:16:13]} 12. c5 {[%emt 0:07:46]} axb4 {[%emt 0:07:38]} 13. axb4 {[%emt 0:00:16]} bxc5 {[%emt 0:00:23]} 14. bxc5 {[%emt 0:00:07]} Bg5 {[%emt 0:12:00]} 15. Bf2 {[%emt 0:02:50]} d6 {[%emt 0:08:09]} 16. c6 {[%emt 0:03:23]} Nh4 {[%emt 0:08:59]} 17. Ng1 {[%emt 0:05:03]} f5 {[%emt 0:01:06]} 18. g3 {[%emt 0:00:13]} Ng6 {[%emt 0:02:28]} 19. Bd3 {[%emt 0:11:44]} fxe4 {[%emt 0:00:37]} 20. Nxe4 {[%emt 0:00:53]} Bh6 {[%emt 0:00:19]} 21. Kf1 {[%emt 0:07:39]} Qe7 {[%emt 0:02:21]} 22. Kg2 {[%emt 0:01:10]} Qf7 {[%emt 0:00:34]} 23. Qe2 {[%emt 0:07:27]} Kh8 {[%emt 0:02:33]} 24. Bc4 {[%emt 0:04:06]} Nf6 {[%emt 0:03:04]} 25. Nxf6 {[%emt 0:01:27]} Qxf6 {[%emt 0:05:09]} 26. Bd3 {[%emt 0:02:00]} Ne7 {[%emt 0:05:17]} 27. Be4 {[%emt 0:01:38]} Qf7 {[%emt 0:01:42]} 28. Rd1 {[%emt 0:02:35]} Ra5 {[%emt 0:01:12]} 29. Qc4 {[%emt 0:03:14]} Bf5 {[%emt 0:00:26]} 30. Qc2 {[%emt 0:07:48]} Nxd5 {[%emt 0:01:19]} 31. Bxf5 {[%emt 0:00:12]} Qxf5 {[%emt 0:00:38]} 32. Qxf5 {[%emt 0:00:03]} Rxf5 {[%emt 0:00:04]} 33. Ne2 {[%emt 0:00:46]} Rf8 {[%emt 0:00:40]} 34. Ra1 {[%emt 0:00:26]} Rfa8 {[%emt 0:00:09]} 35. Rxa5 {[%emt 0:00:03]} Rxa5 {[%emt 0:00:02]} 36. Rb1 {[%emt 0:00:23]} Kg8 {[%emt 0:00:05]} 37. f4 {[%emt 0:01:12]} Kf7 {[%emt 0:00:26]} 38. f5 {[%emt 0:02:19]} Ra6 {[%emt 0:00:45]} 39. Rb5 {[%emt 0:00:41]} Ne7 {[%emt 0:00:24]} 40. g4 {[%emt 0:00:00]} g6 {[%emt 0:00:58]} 41. Bh4 {[%emt 0:02:00]} Rxc6 {[%emt 0:06:20]} 42. Bxe7 {[%emt 0:00:45]} Kxe7 {[%emt 0:00:09]} 43. Rb8 {[%emt 0:00:03]} Rc2 {[%emt 0:03:30]} 44. Kf1 {[%emt 0:00:21]} Bg7 {[%emt 0:01:59]} 45. Rg8 {[%emt 0:00:54]} Kf7 {[%emt 0:00:22]} 46. Rd8 {[%emt 0:00:15]} Bf6 {[%emt 0:00:19]} 0-1

[Event "71st RUS-ch Higher League 2018"]
[Site "Yaroslavl"]
[Date "2018.06.29"]
[Round "4"]
[White "Sarana, Alexey"]
[Black "Khismatullin, Denis"]
[Result "1-0"]
[WhiteElo "2573"]
[BlackElo "2627"]
[Annotator "ChessBase"]
[PlyCount "81"]
[EventDate "2018.06.26"]
[EventType "swiss"]
[EventCountry "RUS"]
[SourceTitle "playchess.com"]
[Source "ChessBase"]
[SourceQuality "1"]
[TimeControl "40/5400+30:1800+30"]

1. e4 {[%emt 0:00:00]} e5 {[%emt 0:01:18]} 2. Nf3 {[%emt 0:00:00]} Nc6 {[%emt 0:00:05]} 3. Bb5 {[%emt 0:01:15]} Nf6 {[%emt 0:02:32]} 4. O-O {[%emt 0:06:02]} Nxe4 {[%emt 0:00:20]} 5. d4 {[%emt 0:04:09]} Nd6 {[%emt 0:00:33]} 6. dxe5 {[%emt 0:00:08]} Nxb5 {[%emt 0:00:05]} 7. a4 {[%emt 0:00:05]} d6 {[%emt 0:09:56]} 8. e6 {[%emt 0:00:20]} fxe6 {[%emt 0:00:31]} 9. axb5 {[%emt 0:00:02]} Ne7 {[%emt 0:00:06]} 10. Nc3 {[%emt 0:10:42]} Nf5 {[%emt 0:22:52]} 11. Nd4 {[%emt 0:29:16]} Qf6 {[%emt 0:08:29]} 12. b6 {[%emt 0:04:57]} cxb6 {[%emt 0:07:04]} 13. Ndb5 {[%emt 0:10:41]} Qd8 {[%emt 0:04:56]} 14. g4 {[%emt 0:01:34]} Nh4 {[%emt 0:16:30]} 15. Ne4 {[%emt 0:04:27]} d5 {[%emt 0:00:48]} 16. Bf4 {[%emt 0:01:28]} e5 {[%emt 0:05:55]} 17. Bg5 {[%emt 0:04:37]} Qd7 {[%emt 0:01:06]} 18. Bxh4 {[%emt 0:00:18]} dxe4 {[%emt 0:07:16]} 19. Qxd7+ {[%emt 0:00:50]} Kxd7 {[%emt 0:00:07]} 20. Rfd1+ {[%emt 0:02:08]} Kc6 {[%emt 0:00:06]} 21. Nxa7+ {[%emt 0:00:28]} Rxa7 {[%emt 0:00:48]} 22. Rxa7 {[%emt 0:00:02]} Bc5 {[%emt 0:00:36]} 23. Ra8 {[%emt 0:03:17]} Bxg4 {[%emt 0:03:09]} 24. Rxh8 {[%emt 0:00:19]} Bxd1 {[%emt 0:00:04]} 25. Bg3 {[%emt 0:07:14]} e3 {[%emt 0:01:52]} 26. fxe3 {[%emt 0:00:07]} Bxc2 {[%emt 0:02:34]} 27. Kf2 {[%emt 0:02:39]} Kd5 {[%emt 0:00:10]} 28. Re8 {[%emt 0:00:17]} Bd6 {[%emt 0:00:19]} 29. Rg8 {[%emt 0:00:25]} g6 {[%emt 0:01:17]} 30. Rg7 {[%emt 0:00:10]} Bc5 {[%emt 0:03:10]} 31. Bh4 {[%emt 0:01:10]} Kc4 {[%emt 0:00:49]} 32. Rxb7 {[%emt 0:02:22]} Kd3 {[%emt 0:00:23]} 33. Bg5 {[%emt 0:00:15]} Kc4 {[%emt 0:00:40]} 34. Rxh7 {[%emt 0:00:40]} Bf5 {[%emt 0:00:31]} 35. Be7 {[%emt 0:00:41]} Be4 {[%emt 0:00:31]} 36. Bxc5 {[%emt 0:00:55]} bxc5 {[%emt 0:00:20]} 37. Ke2 {[%emt 0:00:17]} Bf5 {[%emt 0:00:39]} 38. Rf7 {[%emt 0:00:40]} Be4 {[%emt 0:00:15]} 39. Rd7 {[%emt 0:00:21]} Bf5 {[%emt 0:00:09]} 40. Rd6 {[%emt 0:00:00]} Be4 {[%emt 0:00:09]} 41. h4 {[%emt 0:01:18]} 1-0

[Event "71st RUS-ch Higher League 2018"]
[Site "Yaroslavl"]
[Date "2018.06.29"]
[Round "4"]
[White "Moskalenko, Alexander"]
[Black "Girya, Olga"]
[Result "1/2-1/2"]
[WhiteElo "2558"]
[BlackElo "2457"]
[Annotator "ChessBase"]
[PlyCount "45"]
[EventDate "2018.06.26"]
[EventType "swiss"]
[EventCountry "RUS"]
[SourceTitle "playchess.com"]
[Source "ChessBase"]
[SourceQuality "1"]
[TimeControl "40/5400+30:1800+30"]

1. c4 {[%emt 0:05:54]} c6 {[%emt 0:00:06]} 2. Nf3 {[%emt 0:00:28]} d5 {[%emt 0:00:05]} 3. e3 {[%emt 0:00:03]} Nf6 {[%emt 0:00:05]} 4. Nc3 {[%emt 0:00:04]} e6 {[%emt 0:00:14]} 5. b3 {[%emt 0:00:16]} Bd6 {[%emt 0:00:18]} 6. Bb2 {[%emt 0:00:05]} O-O {[%emt 0:00:08]} 7. d4 {[%emt 0:01:21]} Nbd7 {[%emt 0:00:19]} 8. Bd3 {[%emt 0:00:13]} Re8 {[%emt 0:01:26]} 9. Qc2 {[%emt 0:10:09]} e5 {[%emt 0:00:52]} 10. cxd5 {[%emt 0:02:46]} cxd5 {[%emt 0:00:16]} 11. Nb5 {[%emt 0:39:36]} Bb4+ {[%emt 0:01:15]} 12. Nd2 {[%emt 0:00:08]} e4 {[%emt 0:02:16]} 13. Be2 {[%emt 0:01:45]} Re6 {[%emt 0:01:58]} 14. Qc7 {[%emt 0:00:40]} Qf8 {[%emt 0:04:52]} 15. Rc1 {[%emt 0:06:28]} a6 {[%emt 0:16:35]} 16. Na7 {[%emt 0:02:18]} Nb6 {[%emt 0:09:13]} 17. Nxc8 {[%emt 0:01:15]} Rxc8 {[%emt 0:00:05]} 18. Qxb7 {[%emt 0:02:53]} Rb8 {[%emt 0:04:36]} 19. Qc7 {[%emt 0:00:21]} Rc8 {[%emt 0:03:57]} 20. Qb7 {[%emt 0:01:02]} Rb8 {[%emt 0:01:19]} 21. Qc7 {[%emt 0:01:06]} Rc8 {[%emt 0:00:14]} 22. Qb7 {[%emt 0:00:08]} Rb8 {[%emt 0:00:04]} 23. Qc7 {[%emt 0:00:13]} 1/2-1/2

[Event "71st RUS-ch Higher League 2018"]
[Site "Yaroslavl"]
[Date "2018.06.29"]
[Round "4"]
[White "Lomasov, Semen"]
[Black "Lysyj, Igor"]
[Result "1-0"]
[WhiteElo "2549"]
[BlackElo "2630"]
[Annotator "ChessBase"]
[PlyCount "61"]
[EventDate "2018.06.26"]
[EventType "swiss"]
[EventCountry "RUS"]
[SourceTitle "playchess.com"]
[Source "ChessBase"]
[SourceQuality "1"]
[TimeControl "40/5400+30:1800+30"]

1. e4 {[%emt 0:00:00]} e5 {[%emt 0:00:05]} 2. Nf3 {[%emt 0:00:00]} Nc6 {[%emt 0:00:05]} 3. Bc4 {[%emt 0:00:00]} Bc5 {[%emt 0:00:05]} 4. b4 {[%emt 0:00:00]} Bxb4 {[%emt 0:00:07]} 5. c3 {[%emt 0:00:00]} Ba5 {[%emt 0:00:11]} 6. d4 {[%emt 0:00:10]} d6 {[%emt 0:00:10]} 7. Qb3 {[%emt 0:00:08]} Qd7 {[%emt 0:00:07]} 8. O-O {[%emt 0:00:23]} Bb6 {[%emt 0:00:43]} 9. Nbd2 {[%emt 0:00:15]} Na5 {[%emt 0:00:42]} 10. Qc2 {[%emt 0:01:11]} Nxc4 {[%emt 0:00:55]} 11. Nxc4 {[%emt 0:00:07]} Qc6 {[%emt 0:00:14]} 12. Nxb6 {[%emt 0:00:07]} axb6 {[%emt 0:00:06]} 13. dxe5 {[%emt 0:00:05]} dxe5 {[%emt 0:00:07]} 14. Nxe5 {[%emt 0:00:05]} Qa4 {[%emt 0:00:07]} 15. Qd3 {[%emt 0:00:21]} Nf6 {[%emt 0:00:42]} 16. Bg5 {[%emt 0:02:52]} Qxe4 {[%emt 0:00:25]} 17. Qb5+ {[%emt 0:00:21]} c6 {[%emt 0:00:10]} 18. Qxb6 {[%emt 0:00:05]} O-O {[%emt 0:00:09]} 19. Bxf6 {[%emt 0:02:11]} gxf6 {[%emt 0:00:20]} 20. Rae1 {[%emt 0:00:57]} Qd5 {[%emt 0:10:06]} 21. Nf3 {[%emt 0:00:26]} Rxa2 {[%emt 0:13:58]} 22. Re3 {[%emt 0:09:15]} Ra6 {[%emt 0:06:20]} 23. Qc7 {[%emt 0:04:46]} c5 {[%emt 0:01:01]} 24. Qg3+ {[%emt 0:01:22]} Kh8 {[%emt 0:00:07]} 25. Rfe1 {[%emt 0:00:10]} Re6 {[%emt 0:09:44]} 26. Qf4 {[%emt 0:13:48]} Qd6 {[%emt 0:06:58]} 27. Qh6 {[%emt 0:00:39]} Rxe3 {[%emt 0:00:38]} 28. fxe3 {[%emt 0:00:05]} Rg8 {[%emt 0:04:49]} 29. e4 {[%emt 0:01:24]} Bg4 {[%emt 0:11:30]} 30. e5 {[%emt 0:10:01]} Qa6 {[%emt 0:13:41]} 31. e6 {[%emt 0:01:32]} 1-0

[Event "71st RUS-ch Higher League 2018"]
[Site "Yaroslavl"]
[Date "2018.06.29"]
[Round "4"]
[White "Moiseenko, Vadim"]
[Black "Oganian, Miran"]
[Result "1-0"]
[WhiteElo "2517"]
[BlackElo "2432"]
[Annotator "ChessBase"]
[PlyCount "69"]
[EventDate "2018.06.26"]
[EventType "swiss"]
[EventCountry "RUS"]
[SourceTitle "playchess.com"]
[Source "ChessBase"]
[SourceQuality "1"]
[TimeControl "40/5400+30:1800+30"]

1. g3 {[%emt 0:00:00]} d5 {[%emt 0:01:04]} 2. Bg2 {[%emt 0:00:00]} Nc6 {[%emt 0:04:47]} 3. d4 {[%emt 0:00:44]} Bf5 {[%emt 0:01:34]} 4. Nf3 {[%emt 0:02:10]} Nb4 {[%emt 0:07:04]} 5. Na3 {[%emt 0:04:29]} e6 {[%emt 0:00:32]} 6. O-O {[%emt 0:00:52]} h6 {[%emt 0:04:40]} 7. Bf4 {[%emt 0:04:56]} Nf6 {[%emt 0:05:36]} 8. Nb5 {[%emt 0:04:15]} Bd6 {[%emt 0:03:24]} 9. Qd2 {[%emt 0:05:59]} Nc6 {[%emt 0:05:17]} 10. c4 {[%emt 0:00:39]} Ne4 {[%emt 0:06:56]} 11. Qe3 {[%emt 0:00:50]} O-O {[%emt 0:08:06]} 12. Rac1 {[%emt 0:02:39]} Qd7 {[%emt 0:09:30]} 13. Rfd1 {[%emt 0:07:37]} a6 {[%emt 0:02:12]} 14. Nc3 {[%emt 0:01:04]} Nxc3 {[%emt 0:01:38]} 15. Qxc3 {[%emt 0:01:44]} Bxf4 {[%emt 0:04:14]} 16. gxf4 {[%emt 0:00:06]} Be4 {[%emt 0:00:59]} 17. Nd2 {[%emt 0:04:08]} Bxg2 {[%emt 0:01:35]} 18. Kxg2 {[%emt 0:00:04]} Ne7 {[%emt 0:04:33]} 19. cxd5 {[%emt 0:03:59]} exd5 {[%emt 0:02:30]} 20. Qh3 {[%emt 0:06:14]} Qd6 {[%emt 0:07:18]} 21. e3 {[%emt 0:02:17]} Rac8 {[%emt 0:00:16]} 22. Kh1 {[%emt 0:01:17]} c5 {[%emt 0:01:42]} 23. Nf3 {[%emt 0:03:27]} cxd4 {[%emt 0:04:12]} 24. Nxd4 {[%emt 0:00:06]} Kh7 {[%emt 0:04:36]} 25. Rg1 {[%emt 0:01:03]} g6 {[%emt 0:03:10]} 26. Rcd1 {[%emt 0:00:32]} Qf6 {[%emt 0:02:09]} 27. Rg3 {[%emt 0:02:52]} Nc6 {[%emt 0:01:59]} 28. Nf3 {[%emt 0:01:39]} Rcd8 {[%emt 0:01:41]} 29. Rdg1 {[%emt 0:01:22]} d4 {[%emt 0:00:38]} 30. f5 {[%emt 0:02:06]} dxe3 {[%emt 0:00:37]} 31. Ng5+ {[%emt 0:00:56]} Kg7 {[%emt 0:00:48]} 32. Ne6+ {[%emt 0:00:05]} Kg8 {[%emt 0:00:40]} 33. Qxh6 {[%emt 0:00:22]} Ne7 {[%emt 0:00:31]} 34. Rh3 {[%emt 0:00:50]} Nxf5 {[%emt 0:00:31]} 35. Qh7# {[%emt 0:00:05]} 1-0

[Event "71st RUS-ch Higher League 2018"]
[Site "Yaroslavl"]
[Date "2018.06.29"]
[Round "4"]
[White "Triapishko, Alexandr"]
[Black "Bykov, Oleg"]
[Result "1/2-1/2"]
[WhiteElo "2513"]
[BlackElo "2375"]
[Annotator "ChessBase"]
[PlyCount "205"]
[EventDate "2018.06.26"]
[EventType "swiss"]
[EventCountry "RUS"]
[SourceTitle "playchess.com"]
[Source "ChessBase"]
[SourceQuality "1"]
[TimeControl "40/5400+30:1800+30"]

1. Nf3 {[%emt 0:00:00]} Nf6 {[%emt 0:00:11]} 2. g3 {[%emt 0:00:16]} g6 {[%emt 0:00:37]} 3. Bg2 {[%emt 0:01:27]} Bg7 {[%emt 0:00:06]} 4. O-O {[%emt 0:00:40]} O-O {[%emt 0:00:07]} 5. d4 {[%emt 0:01:20]} d5 {[%emt 0:00:45]} 6. c3 {[%emt 0:03:34]} b6 {[%emt 0:05:39]} 7. Bf4 {[%emt 0:18:13]} Bb7 {[%emt 0:00:22]} 8. a4 {[%emt 0:02:03]} c5 {[%emt 0:03:26]} 9. Ne5 {[%emt 0:04:38]} Ne4 {[%emt 0:04:24]} 10. Nd2 {[%emt 0:05:23]} Nd6 {[%emt 0:05:39]} 11. a5 {[%emt 0:12:24]} Na6 {[%emt 0:06:38]} 12. h4 {[%emt 0:03:38]} Re8 {[%emt 0:07:20]} 13. h5 {[%emt 0:14:12]} f6 {[%emt 0:10:04]} 14. hxg6 {[%emt 0:05:35]} fxe5 {[%emt 0:09:13]} 15. dxe5 {[%emt 0:00:56]} hxg6 {[%emt 0:03:49]} 16. exd6 {[%emt 0:00:46]} e5 {[%emt 0:00:22]} 17. Be3 {[%emt 0:10:07]} Qxd6 {[%emt 0:00:30]} 18. c4 {[%emt 0:01:12]} Nb4 {[%emt 0:02:38]} 19. Ne4 {[%emt 0:00:37]} Qd7 {[%emt 0:05:05]} 20. cxd5 {[%emt 0:01:13]} Bxd5 {[%emt 0:00:30]} 21. Nc3 {[%emt 0:03:11]} e4 {[%emt 0:01:29]} 22. axb6 {[%emt 0:00:22]} axb6 {[%emt 0:00:13]} 23. Rxa8 {[%emt 0:00:37]} Rxa8 {[%emt 0:00:02]} 24. Bxe4 {[%emt 0:02:27]} Bxc3 {[%emt 0:00:24]} 25. bxc3 {[%emt 0:00:16]} Qe6 {[%emt 0:03:19]} 26. Bxd5 {[%emt 0:01:24]} Nxd5 {[%emt 0:00:05]} 27. Qb3 {[%emt 0:00:15]} Qe4 {[%emt 0:02:04]} 28. Bd2 {[%emt 0:03:22]} c4 {[%emt 0:07:55]} 29. Qb1 {[%emt 0:00:06]} Qxb1 {[%emt 0:04:36]} 30. Rxb1 {[%emt 0:00:04]} Ra2 {[%emt 0:00:11]} 31. e4 {[%emt 0:00:44]} Rxd2 {[%emt 0:03:51]} 32. exd5 {[%emt 0:00:04]} Rd3 {[%emt 0:03:16]} 33. Rxb6 {[%emt 0:00:53]} Kf7 {[%emt 0:00:32]} 34. Kg2 {[%emt 0:02:35]} Rxc3 {[%emt 0:00:19]} 35. Rc6 {[%emt 0:00:14]} Rd3 {[%emt 0:00:23]} 36. Rxc4 {[%emt 0:00:44]} Rxd5 {[%emt 0:00:05]} 37. Kh3 {[%emt 0:00:02]} Rd2 {[%emt 0:01:08]} 38. f3 {[%emt 0:01:09]} Rd3 {[%emt 0:00:45]} 39. Kg4 {[%emt 0:01:24]} Ra3 {[%emt 0:00:14]} 40. Re4 {[%emt 0:00:00]} Kf6 {[%emt 0:00:55]} 41. Kf4 {[%emt 0:04:21]} Rb3 {[%emt 0:00:47]} 42. Rd4 {[%emt 0:02:11]} Ra3 {[%emt 0:00:13]} 43. Kg4 {[%emt 0:05:03]} Rb3 {[%emt 0:00:08]} 44. Rd6+ {[%emt 0:03:47]} Kf7 {[%emt 0:00:13]} 45. Kf4 {[%emt 0:01:05]} Ra3 {[%emt 0:00:19]} 46. g4 {[%emt 0:00:36]} Ra5 {[%emt 0:00:45]} 47. Ke4 {[%emt 0:01:43]} Rb5 {[%emt 0:02:44]} 48. f4 {[%emt 0:02:37]} Ra5 {[%emt 0:02:50]} 49. Rd7+ {[%emt 0:03:46]} Ke6 {[%emt 0:01:57]} 50. Rd4 {[%emt 0:00:15]} Kf7 {[%emt 0:00:32]} 51. Rd5 {[%emt 0:00:35]} Ra1 {[%emt 0:00:54]} 52. Rb5 {[%emt 0:01:05]} Re1+ {[%emt 0:00:41]} 53. Kd5 {[%emt 0:00:14]} Rd1+ {[%emt 0:00:56]} 54. Ke5 {[%emt 0:00:27]} Re1+ {[%emt 0:00:05]} 55. Kd4 {[%emt 0:00:23]} Rd1+ {[%emt 0:00:22]} 56. Ke3 {[%emt 0:00:04]} Re1+ {[%emt 0:00:18]} 57. Kf2 {[%emt 0:00:06]} Ra1 {[%emt 0:00:34]} 58. Kg3 {[%emt 0:00:31]} Ra7 {[%emt 0:01:14]} 59. Kh4 {[%emt 0:01:02]} Kg7 {[%emt 0:00:39]} 60. Kg5 {[%emt 0:00:37]} Rc7 {[%emt 0:00:15]} 61. Rd5 {[%emt 0:02:29]} Ra7 {[%emt 0:00:27]} 62. Kh4 {[%emt 0:00:45]} Rb7 {[%emt 0:00:11]} 63. Kg3 {[%emt 0:00:25]} Rb3+ {[%emt 0:00:18]} 64. Kf2 {[%emt 0:00:04]} Kf7 {[%emt 0:00:37]} 65. Rc5 {[%emt 0:00:27]} Ra3 {[%emt 0:00:38]} 66. Re5 {[%emt 0:00:35]} Rb3 {[%emt 0:00:08]} 67. Re3 {[%emt 0:00:03]} Rb4 {[%emt 0:00:19]} 68. Kf3 {[%emt 0:00:09]} Ra4 {[%emt 0:00:07]} 69. Rc3 {[%emt 0:00:31]} Rb4 {[%emt 0:01:16]} 70. Rc7+ {[%emt 0:01:27]} Kf8 {[%emt 0:00:13]} 71. Ke3 {[%emt 0:01:43]} Ra4 {[%emt 0:00:09]} 72. g5 {[%emt 0:00:31]} Rb4 {[%emt 0:00:23]} 73. Rd7 {[%emt 0:00:18]} Ra4 {[%emt 0:00:10]} 74. Rd4 {[%emt 0:00:24]} Ra1 {[%emt 0:00:14]} 75. Ke4 {[%emt 0:00:19]} Re1+ {[%emt 0:00:44]} 76. Kd5 {[%emt 0:00:03]} Kf7 {[%emt 0:00:12]} 77. Kd6 {[%emt 0:00:41]} Re2 {[%emt 0:00:41]} 78. Kd7 {[%emt 0:00:50]} Re1 {[%emt 0:00:08]} 79. Rd6 {[%emt 0:00:42]} Re4 {[%emt 0:00:28]} 80. Rf6+ {[%emt 0:00:04]} Kg7 {[%emt 0:00:04]} 81. Kd6 {[%emt 0:00:16]} Ra4 {[%emt 0:00:13]} 82. Ke5 {[%emt 0:00:16]} Ra5+ {[%emt 0:00:10]} 83. Ke4 {[%emt 0:00:03]} Ra4+ {[%emt 0:00:06]} 84. Kf3 {[%emt 0:00:01]} Ra3+ {[%emt 0:00:07]} 85. Kg4 {[%emt 0:00:04]} Rb3 {[%emt 0:00:10]} 86. Rd6 {[%emt 0:00:31]} Ra3 {[%emt 0:00:05]} 87. Rd7+ {[%emt 0:00:15]} Kg8 {[%emt 0:00:06]} 88. Rd1 {[%emt 0:00:31]} Kg7 {[%emt 0:00:06]} 89. Rd4 {[%emt 0:00:19]} Rb3 {[%emt 0:00:08]} 90. f5 {[%emt 0:00:17]} gxf5+ {[%emt 0:00:04]} 91. Kxf5 {[%emt 0:00:03]} Rb5+ {[%emt 0:00:13]} 92. Kg4 {[%emt 0:00:05]} Rb1 {[%emt 0:00:24]} 93. Re4 {[%emt 0:00:41]} Rg1+ {[%emt 0:00:20]} 94. Kf5 {[%emt 0:00:03]} Rf1+ {[%emt 0:00:08]} 95. Rf4 {[%emt 0:00:02]} Rxf4+ {[%emt 0:00:41]} 96. Kxf4 {[%emt 0:00:03]} Kg6 {[%emt 0:00:09]} 97. Kg4 {[%emt 0:00:02]} Kg7 {[%emt 0:00:08]} 98. Kf5 {[%emt 0:00:02]} Kf7 {[%emt 0:00:04]} 99. g6+ {[%emt 0:00:05]} Kg7 {[%emt 0:00:02]} 100. Kg5 {[%emt 0:00:05]} Kg8 {[%emt 0:00:07]} 101. Kh6 {[%emt 0:00:02]} Kh8 {[%emt 0:00:06]} 102. g7+ {[%emt 0:00:04]} Kg8 {[%emt 0:00:04]} 103. Kg6 {[%emt 0:00:02]} 1/2-1/2